Все серии Смешариков - Statistics

General Stats
  • This quiz has been taken 226 times
  • The average score is 51 of 216
Answer Stats
Год Answer % Correct
2004 Скамейка
85%
2004 Железная няня
59%
2004 Куда уходит Старый Год?
55%
2006 Футбол. Первый тайм
53%
2006 Футбол. Второй тайм
53%
2004 Принц для Нюши
52%
2007 Смысл жизни
45%
2009 Эффект бабушки. Часть 1
45%
2010 Хоккей. Часть 1
45%
2009 Эффект бабушки. Часть 2
45%
2010 Хоккей. Часть 2
45%
2009 Эффект бабушки. Часть 3
45%
2004 Коллекция
44%
2004 Ля
44%
2004 Фанерное солнце
42%
2004 Некультурный
42%
2009 Бутерброд
42%
2008 Комната страха
41%
2005 Это сладкое слово «мёд»
40%
2008 Комната смеха
39%
2004 Как собрать друзей по-быстрому
38%
2005 Большие гонки
38%
2006 Маскарад
38%
2007 Комната грусти
38%
2004 Рояль
36%
2004 Лили
36%
2004 Гольф
36%
2005 Бабочка
36%
2008 Игра
34%
2008 Марафонец
34%
2006 Космическая одиссея. Часть 1
34%
2006 Космическая одиссея. Часть 2
34%
2005 Танцор диско
33%
2004 Новые зубы Кроша
32%
2005 Мыльная опера
32%
2006 −41 °C
32%
2004 Энергия храпа
31%
2004 Путь в приличное общество
31%
2005 Талисман
31%
2006 День справедливости
31%
2007 Аноним
31%
2010 Эрудит
31%
2004 Забытая история
30%
2004 День рождения Нюши
30%
2005 Страшилка для Нюши
30%
2005 Археология
30%
2006 Снотворец
30%
2006 Биби и его папа
30%
2007 Кулинария
30%
2011 Хрум
30%
2011 С Новым Хрумом! Часть 1
30%
2011 С Новым Хрумом! Часть 2
30%
2005 Горы и конфеты
29%
2006 Ежидзе
29%
2007 Ёжик в туманности
29%
2004 Телеграф
28%
2004 Полёты во сне и наяву
28%
2004 Балласт
28%
2005 Последняя радуга
28%
2005 Маленькое большое море
28%
2006 Кордебалет
28%
2007 Трюфель
28%
2007 Край Земли
28%
2008 Право на одиночество
28%
2008 Конец света
28%
2009 Два волшебника
28%
2012 Шахматы
28%
2004 Подарок судьбы
27%
2005 Метеорология
27%
2006 Дар
27%
2007 Взаперти
27%
2008 Утерянные извинения
27%
2008 Без никого
27%
2009 Диета для Нюши
27%
2009 Верь в меня, Ёжик!
27%
2009 Сладкая жизнь
27%
2009 Бобслей — дело принципа
27%
2009 Спасение улетающих. Часть 1
27%
2009 Спасение улетающих. Часть 2
27%
2004 Кто первый?
26%
2004 Рецепт хорошего отдыха
26%
2005 Тайное общество
26%
2006 Мисс Вселенная
26%
2006 ОРЗ
26%
2006 Каникулы Биби
26%
2008 Лабиринт
26%
2008 Не может быть
26%
2009 Эликсир молодости
26%
2009 Партия будет доиграна!
26%
2004 Событие века
25%
2005 Ремонт — дело коллективное
25%
2005 Обещание
25%
2006 Невоспитанный клон
25%
2007 Плюс снег, минус ёлка
25%
2009 Индийский чай
25%
2009 Чемодан
25%
2011 Инкогнито
25%
2008 1 апреля
25%
2005 Торжество разума
24%
2006 В начале было слово
24%
2011 Проект Африка
24%
2005 Магнетизм
23%
2005 Приятные новости
23%
2005 Долгая рыбалка
23%
2006 Ёжик и здоровье
23%
2007 Её звали Нюша
23%
2007 Герой Плутона
23%
2008 Счастьемёт
23%
2009 Сомнамбула
23%
2011 Австралия
23%
2012 Рецепт счастья
23%
2004 Биография зонтика
22%
2005 Водные процедуры
22%
2005 Живые часы
22%
2006 Прощай, Бараш!
22%
2006 Большой куш
22%
2007 Полоса невезения
22%
2009 Красная книга
22%
2010 Кто дёргает за ниточки
22%
2010 Лунный Заяц. Часть 1
22%
2010 Лунный Заяц. Часть 2
22%
2005 Красота
21%
2005 Операция «Дед Мороз»
21%
2006 Масленица
21%
2007 Вестибулярный аппарат
21%
2008 Комментатор
21%
2010 Чёрно-белое кино
21%
2015 Сыр-бор Новый-год
21%
2012 Завтрак из 6 букв
21%
2005 Играй, гармония!
20%
2007 Секрет Гудини
20%
2008 Колыбельная для Ёжика
20%
2009 Только горы
20%
2009 Пылесос
20%
2010 Парное макраме
20%
2009 Тайна древних сокровищ. Часть 1
20%
2009 Слишком фигурное катание. Часть 1
20%
2009 Тайна древних сокровищ. Часть 2
20%
2009 Слишком фигурное катание. Часть 2
20%
2005 Что нужно всем
19%
2005 Думают ли о Вас на звёздах?
19%
2006 Моя прелесть
19%
2008 Новогодняя почта
19%
2008 Красный день календаря
19%
2009 Театр
19%
2009 Ода для комода
19%
2004 Как стать звездой
18%
2006 Ульи Копатыча
18%
2006 Бойкот
18%
2009 Создатель
18%
2010 Фаталисты
18%
2010 Медиум
18%
2011 Реветь так реветь
18%
2008 Добро, зло и девочки
17%
2010 Сила воли
17%
2005 Педагогическая поэма
16%
2006 Как здорово сочинять стихи
16%
2007 Реалист
16%
2008 Зачем нужны друзья?
16%
2008 Забыть всё
16%
2008 Вишнёвый сад
16%
2010 Психолог
16%
2011 Близко к сердцу
16%
2012 Молочное пари
16%
2009 Новогодняя сказка. Часть 1
16%
2011 Проверка. Часть 1
16%
2009 Новогодняя сказка. Часть 2
16%
2011 Проверка. Часть 2
16%
2008 Настоящие ценности
15%
2008 Самооборона без противника
15%
2009 Запретный плод
15%
2009 Картография
15%
2010 Музотерапия
15%
2010 О, благодарная!
15%
2010 Ты — есть
15%
2012 Чистый спорт
15%
2012 Как это было
15%
2006 Двигатель прогресса
14%
2008 Самое главное
14%
2009 Руки
14%
2009 Нездоровый рекорд
14%
2010 Солнечный зайчик
14%
2010 Монологи
14%
2006 Скверная примета
13%
2007 Роман в письмах
13%
2009 Лёд
13%
2010 Несколько мелочей на фоне природы
13%
2010 Туризм
13%
2010 Библиотека
13%
2007 Линии судьбы
11%
2008 Наш олимпийский чемпион
11%
2010 Что принесёт ветер
11%
2011 Невидимка
11%
2011 Холодная война
11%
2010 Щедрое небо
10%
2010 Теория относительности
10%
2011 Жмурки и ангелы
10%
2011 На память
10%
2006 Основной инстинкт
9%
2007 Куда приводят желания
9%
2011 Самая длинная ночь
9%
2012 Парашют
9%
2009 Иди и скажи…
8%
2010 Тренер
8%
2011 Место в истории
8%
2011 Профилактика
7%
2011 Няньки
6%
2009 Распорядок
5%
2009 Неравные условия
5%
2010 Господин оформитель
5%
2011 Чужие голоса
5%
2006 Личная жизнь
4%
2012 Сувенир
4%
2009 Всё успеть
3%
2009 Воздух для вдохновения
3%
2009 Экономия времени
3%
No matching quizzes found
Score Distribution
Percent of People with Each Score
Percentile by Number Answered
Your Score History
You have not taken this quiz